| 000 | 00544nam a2200193 i 4500 | ||
|---|---|---|---|
| 001 | 141438 | ||
| 003 | ES-MaACL | ||
| 005 | 20250728233145.0 | ||
| 007 | t| | ||
| 008 | 070924s1947 xxk ||||1| spa d | ||
| 110 | 2 |
_aFirth-Brown. _94131 |
|
| 245 | 1 | 0 |
_aVocabulario de términos metalúrgicos / _cFirth-Brown. |
| 250 | _aEd. preliminar. | ||
| 260 |
_aSheffield : _bThos Firth and John Brown Ltd, _c[1947] |
||
| 300 |
_a49 p. ; _c22 cm. |
||
| 650 | 7 |
_aMetalurgia _2embne _9136491 |
|
| 852 |
_aES-MaACL _j1580-F-2 |
||
| 999 |
_c141438 _d141438 |
||